000 01432nam2a2200253 4500
001 rc\3060684
005 20260315070539.0
035 _a(NLR Aleph) 007199430
090 _a13627151
_c13627151
100 _a20111012d1941 u y0rusy50 ca
101 0 _arus
105 _aa z |||||
200 1 _aПодготовка электромонтеров и электрослесарей
210 _d1941
215 _a24 с.
_cтабл.
300 _aВ предисл.: программа подготовки электрослесарей сост. инж. Топольницким С.М., программа подготовки электромонтеров - инж. Давыдовым С.С.
461 0 _1001rc\3060680
_12001#$aУчебные программы курсов подготовки новых рабочих кадров$eВып. 1$fГлавное военно-строительное упр. при СНК СССР$vВып. 4
_97617813
_cМосква
_d1940-1941
_fГлавное военно-строительное упр. при СНК СССР
_nБ. и.
_oВып. 1
_tУчебные программы курсов подготовки новых рабочих кадров
_vВып. 4
702 1 _aТопольницкий
_bС.М.
_4220
702 1 _aДавыдов
_bС.С.
_4220
801 0 _aRU
_bNLR
_gpsbo
801 1 _aRU
_bELAR
_2rusmarc
852 _aNLR
_jПр30 Г-4/16(4)
942 _cUNSPEC
980 _aNB